Normal view
MARC view
Entry Topical Term
001 - CONTROL NUMBER
- control field: 30900
003 - CONTROL NUMBER IDENTIFIER
- control field: dpl
005 - DATE AND TIME OF LATEST TRANSACTION
- control field: 20110802160704.0
008 - FIXED-LENGTH DATA ELEMENTS
- fixed length control field: 110802|||a|||||| | ||| d
040 ## - CATALOGING SOURCE
- Original cataloging agency: dpl
- Transcribing agency: dpl
150 ## - HEADING--TOPICAL TERM
- Topical term or geographic name as entry element: Businesswomen
- Geographic subdivision: India
- Form subdivision: Biography.
670 ## - SOURCE DATA FOUND
- Source citation: Work cat.: (dpl)0: Mishra, Prerna Kaul. 30899, 8 successful business women /, 2010.
670 ## - SOURCE DATA FOUND
- Source citation: Work cat.: (dpl)0: Mishra, Prerna Kaul. 30899, 8 successful business women /, 2010.
